| 000 | 01454cad a22002535a 4500 | ||
|---|---|---|---|
| 001 | L159058 | ||
| 008 | 100914s2015 xxk f lf000 0 eng d | ||
| 035 | _a(Sirsi) u159058 | ||
| 041 | 0 | _aeng | |
| 050 | 0 | 4 | _a711.1 $2 18 |
| 110 | 2 |
_aUnited Kingdom _kLaws, etc. _95044 |
|
| 245 | 0 | 4 |
_aThe Town and Country Planning (General Permitted Development) (England) Order 2015 _h[electronic resource] |
| 260 |
_aLondon _bHM Government _c2015 |
||
| 490 | 0 |
_aSI _v(596) 2015 |
|
| 520 | _aConsolidates the regulations concerned with General Permitted Development in England, as well as introducing a number of policy changes. The main purpose of this Order is to grant planning permission for certain classes of development without the requirement for a planning application to be made. The planning permissions granted are subject to some provisions, in particular where a development is Environmental Impact Assessment (EIA) development or subject to certain regulations contained in the Conservation of Habitats and Species Regulations 2010. | ||
| 520 | _aComes into force on 15 April 2015. | ||
| 521 | _aAdvanced | ||
| 590 | _aKA | ||
| 650 | 2 | 4 | _aTOWN AND COUNTRY PLANNING (GENERAL PERMITTED DEVELOPMENT) (ENGLAND) ORDER 2015 |
| 651 | 4 |
_aEngland _y886- |
|
| 690 |
_aPlanning and development _96259 |
||
| 856 | 4 | 0 |
_uhttps://www.legislation.gov.uk/uksi/2015/596/contents/made _zView the item free of charge online at www.legislation.gov.uk... |
| 942 | _n0 | ||
| 999 |
_c115653 _d115653 |
||